<?xml version="1.0" encoding="UTF-8"?>
<marc:record xmlns:marc="http://www.loc.gov/MARC21/slim">
   <marc:leader>00000nam a2200000 a 4500</marc:leader>
   <marc:datafield ind1="1" ind2=" " tag="100">
      <marc:subfield code="a">Gerdes, Hilke</marc:subfield>
      <marc:subfield code="4">aut</marc:subfield>
      <marc:subfield code="e">Verfasser/-in</marc:subfield>
   </marc:datafield>
   <marc:datafield ind1=" " ind2=" " tag="653">
      <marc:subfield code="a">Landeskunde</marc:subfield>
   </marc:datafield>
   <marc:datafield ind1=" " ind2=" " tag="653">
      <marc:subfield code="a">Softcover</marc:subfield>
   </marc:datafield>
   <marc:datafield ind1=" " ind2=" " tag="653">
      <marc:subfield code="a">Karte</marc:subfield>
   </marc:datafield>
   <marc:datafield ind1=" " ind2=" " tag="653">
      <marc:subfield code="a">Ländergeschichte</marc:subfield>
   </marc:datafield>
   <marc:datafield ind1="0" ind2="0" tag="245">
      <marc:subfield code="a">Rumänien für Deutsche</marc:subfield>
   </marc:datafield>
   <marc:datafield ind1="0" ind2="0" tag="245">
      <marc:subfield code="b">mehr als Dracula und Walachei</marc:subfield>
   </marc:datafield>
   <marc:datafield ind1="0" ind2="0" tag="245">
      <marc:subfield code="c">Hilke Gerdes. Mit Fotogr. von Harald Ullrich</marc:subfield>
   </marc:datafield>
   <marc:datafield ind1=" " ind2="1" tag="264">
      <marc:subfield code="a">Berlin</marc:subfield>
      <marc:subfield code="b">Links</marc:subfield>
      <marc:subfield code="c">2007</marc:subfield>
   </marc:datafield>
   <marc:datafield ind1=" " ind2=" " tag="250">
      <marc:subfield code="a">1. Aufl.</marc:subfield>
   </marc:datafield>
   <marc:datafield ind1="1" ind2=" " tag="520">
      <marc:subfield code="a">Angaben aus der Verlagsmeldung

Rumänien : Mehr als Dracula und Walachei / von Hilke Gerdes

Das neue Mitglied der Europäischen Union: In Vielem besser als sein Ruf. Seit dem 1. Januar 2007 gehört Rumänien zur Europäischen Union. Doch das Land scheint nach wie vor weit weg von »unserem Europa« zu sein. Und wenig attraktiv dazu, glaubt man der Presse. Doch wer neugierig auf die Welt geblieben ist, kann in Rumänien seine Überraschungen erleben und einiges über Perspektiven, Identitäten, Zivilgesellschaft, Demokratie und Diktatur lernen. Hilke Gerdes lebte für einige Jahre in Bukarest und hat das Land intensiv bereist. Ihre Erfahrungen und Beobachtungen hat sie notiert und in Reportagen für das Online-Magazin Perlentaucher festgehalten. In ihrem Buch findet sich das Ländliche mit Trachten und festen Traditionen, aber auch das Urbane mit moderner Kunst und hippen Jugendszenen. Sie schildert ein spannungsreiches Land, das in einem rasanten Wandel begriffen ist. Für viele Deutsche ist es inzwischen wieder interessant – für den Urlaub wie für das Geschäft. Über 350 000 reisen pro Jahr zu den Moldau-Klöstern, ans Schwarze Meer oder in die Kulturhauptstadt Europas, das herrlich restaurierte Hermannstadt.
</marc:subfield>
   </marc:datafield>
   <marc:datafield ind1=" " ind2=" " tag="020">
      <marc:subfield code="a">9783861534563</marc:subfield>
      <marc:subfield code="9">9783861534563</marc:subfield>
   </marc:datafield>
   <marc:datafield ind1=" " ind2=" " tag="020">
      <marc:subfield code="a">3861534568</marc:subfield>
      <marc:subfield code="9">3861534568</marc:subfield>
   </marc:datafield>
   <marc:datafield ind1=" " ind2=" " tag="041">
      <marc:subfield code="a">ger</marc:subfield>
   </marc:datafield>
   <marc:datafield ind1=" " ind2=" " tag="300">
      <marc:subfield code="a">224 S.</marc:subfield>
   </marc:datafield>
</marc:record>
